رسائل الصابي و الشريف الرضي / (رقم التسجيلة. 29574)
[ عرض عادي ]
| 000 -LEADER | |
|---|---|
| fixed length control field | 00616nam a22001937a 4500 |
| 005 - DATE AND TIME OF LATEST TRANSACTION | |
| control field | 20251108165516.0 |
| 008 - FIXED-LENGTH DATA ELEMENTS--GENERAL INFORMATION | |
| fixed length control field | 250721s1961 xx 000 0 ara d |
| 082 14 - DEWEY DECIMAL CLASSIFICATION NUMBER | |
| Classification number | م/816.6/رسا |
| 100 1# - MAIN ENTRY--PERSONAL NAME | |
| Personal name | نجم، محمد يوسف |
| Relator term | محقق |
| 245 10 - TITLE STATEMENT | |
| Title | رسائل الصابي و الشريف الرضي / |
| 264 1# - PRODUCTION, PUBLICATION, DISTRIBUTION, MANUFACTURE, AND COPYRIGHT NOTICE | |
| Place of production, publication, distribution, manufacture | الكويت : |
| Name of producer, publisher, distributor, manufacturer | دائره المطبوعات و النشر، |
| Date of production, publication, distribution, manufacture, or copyright notice | 1961. |
| 300 ## - PHYSICAL DESCRIPTION | |
| Extent | 119ص0 |
| 490 0# - SERIES STATEMENT | |
| Series statement | سلسله التراث العربي؛6 |
| 650 17 - SUBJECT ADDED ENTRY--TOPICAL TERM | |
| Topical term or geographic name as entry element | الأدب العربي |
| 650 17 - SUBJECT ADDED ENTRY--TOPICAL TERM | |
| Topical term or geographic name as entry element | العصر العباسي |
| 650 17 - SUBJECT ADDED ENTRY--TOPICAL TERM | |
| Topical term or geographic name as entry element | الرسائل |
| 942 ## - ADDED ENTRY ELEMENTS (KOHA) | |
| Source of classification or shelving scheme | Dewey Decimal Classification |
| Koha item type | مراجع |
| حالة السحب | حالة الفقدان | مصدر التصنيف | حالة التلف | غير قابل للإعارة | المكتبة الرئيسية | المكتبة الحالية | موقع الرف | تاريخ التزويد | الرقم المتسلسل | Total Checkouts | رقم الإستدعاء | الباركود | تاريخ آخر ظهور | تاريخ الفاتورة | نوع المادة (كوها) |
|---|---|---|---|---|---|---|---|---|---|---|---|---|---|---|---|
| Dewey Decimal Classification | Not For Loan | المكتبة المركزية | المكتبة المركزية | مراجع | 06/07/2004 | 11836 | م/816.6/رسا | 11836 | 28/07/2025 | 06/07/2004 | مراجع | ||||
| Dewey Decimal Classification | Not For Loan | مكتبة صويلح العامة | مكتبة صويلح العامة | مراجع | 11/09/2019 | 002134 | م/816.6/رسا | PLD00467047 | 28/07/2025 | 11/09/2019 | مراجع |